Central Library OPAC University of Rajshahi
Normal view MARC view

Entry Personal Name

Number of records used in: 5

001 - CONTROL NUMBER

  • control field: 6096

003 - CONTROL NUMBER IDENTIFIER

  • control field: BD-RjUL

005 - DATE AND TIME OF LATEST TRANSACTION

  • control field: 20221201104529.0

008 - FIXED-LENGTH DATA ELEMENTS

  • fixed length control field: 221201|| aca||aabn | a|a d

040 ## - CATALOGING SOURCE

  • Original cataloging agency: BD-RjUL
  • Transcribing agency: BD-RjUL

100 ## - HEADING--PERSONAL NAME

  • Personal name: Rahman, Mohamad. Anisar

670 ## - SOURCE DATA FOUND

  • Source citation: Work cat.: (BD-RjUL)80869: Rahman, Mohamad. Anisar, Genetical studies of ultraviolef sensitive mutains of ceprinus lagopus and the effect of visibie light on viability / , 1975